Shastra santan/ (Record no. 41702)

000 -LEADER
fixed length control field 00402nam a22001571a 4500
020 ## - INTERNATIONAL STANDARD BOOK NUMBER
International Standard Book Number 9788171192625
082 ## - DEWEY DECIMAL CLASSIFICATION NUMBER
Classification number H2
Item number RAM/S
100 ## - MAIN ENTRY--PERSONAL NAME
Personal name Rameshwar Prem
9 (RLIN) 124815
245 ## - TITLE STATEMENT
Title Shastra santan/
Statement of responsibility, etc. by Rameshwar Prem
260 ## - PUBLICATION, DISTRIBUTION, ETC.
Place of publication, distribution, etc. New Delhi:
Name of publisher, distributor, etc. Radhakrishna,
Date of publication, distribution, etc. 1997.
300 ## - PHYSICAL DESCRIPTION
Extent 87p.
650 ## - SUBJECT ADDED ENTRY--TOPICAL TERM
Topical term or geographic name entry element Drama Hindi
9 (RLIN) 124816
650 ## - SUBJECT ADDED ENTRY--TOPICAL TERM
Topical term or geographic name entry element Literature Hindi
9 (RLIN) 124817
650 ## - SUBJECT ADDED ENTRY--TOPICAL TERM
Topical term or geographic name entry element Literature
9 (RLIN) 124818
942 ## - ADDED ENTRY ELEMENTS (KOHA)
Koha item type Book
Holdings
Withdrawn status Lost status Damaged status Not for loan Permanent Location Current Location Date acquired Cost, normal purchase price Total Checkouts Full call number Barcode Date last seen Cost, replacement price Price effective from Koha item type
        Sree Sankaracharya University of Sanskrit Sree Sankaracharya University of Sanskrit 08.01.2015 85.00   H2 RAM/S 005889 08.01.2015 0.00 08.01.2015 Book